Phát triển và quản lý các doanh nghiệp ngoài quốc doanh

保存先:
書誌詳細
第一著者: Vũ Trọng Lâm
フォーマット: 図書
言語:Undetermined
出版事項: KHKT 2002
タグ: タグ追加
タグなし, このレコードへの初めてのタグを付けませんか!
Thư viện lưu trữ: Trung tâm Học liệu Trường Đại học Cần Thơ
LEADER 00460nam a2200145Ia 4500
001 CTU_48369
008 210402s9999 xx 000 0 und d
082 |a 658.04 
082 |b L120 
100 |a Vũ Trọng Lâm 
245 0 |a Phát triển và quản lý các doanh nghiệp ngoài quốc doanh 
245 0 |c Vũ Trọng Lâm, NGHIÊM XUÂN ĐẠT 
260 |b KHKT 
260 |c 2002 
980 |a Trung tâm Học liệu Trường Đại học Cần Thơ